000
00259nam a2200109Ia 4500
008
200302s9999 xx 000 0 und d
100
_a
Maeng Ki Young
245
_a
I A Interior Architect
260
_b
Archiworld Co., Ltd.,
260
_c
2002
300
_a
157 P.,
999
_c
1648
_d
1648